000 00650nam a2200229 a 4500
001 BRCA_6234
005 20190320205359.0
008 200711s1906----dk-ao#####---#000-0#ger-#
041 _ager
044 _adk
050 4 _aGV489
_b.M84 1906
100 1 _aMuller, J. P.
_d1866-1938.
_q(Jorgen Peter)
_915658
245 1 0 _aMein System
_bfünfzehn minuten täglicher arbeit für die gesundheit
_cJ. P. Muller.
250 _a5
260 _aCopenhague
_bTillge´s Buchhandlung
_c1906
300 _a92 p.
_bil., 41 fotografías
_c23 cm.
500 _aK92
650 1 4 _aCalistenia
_915659
650 1 4 _aGimnasia
_915660
902 _aGFM
942 _2lcc
_cB
999 _c5921
_d5921